000 00573nam a2200229Ia 4500
003 OSt
005 20220924135348.0
006 a|||||r|||| 00| 0
007 ta
008 220923b |||||||| |||| 00| 0 ben d
024 _a290755
037 _cTextual
040 _aARTS
_cARTS
_bben
041 _2ben
_aben
082 _aO142,6M28,2, 157H8
100 _aIdlstoy
_9210184
245 0 _aJuger abishap
260 _c1948
650 _aRUSSIAN LITERATURE
_915056
942 _hO142,6M28,2, 157H8
_cTEXL
_2CC
999 _c440428
_d440428